Marketing estratégico / (Record no. 5745)

MARC details
000 -LEADER
campo de control de longitud fija 00834nam a2200253 i 4500
001 - NÚMERO DE CONTROL
campo de control 5745
003 - IDENTIFICADOR DE NÚMERO DE CONTROL
campo de control ES-MaACL
005 - FECHA Y HORA DE LA ÚLTIMA TRANSACCIÓN
campo de control 20250902020938.0
007 - CAMPO FIJO DE DESCRIPCIÓN FÍSICA--INFORMACIÓN GENERAL
campo de control de longitud fija t|
008 - DATOS DE LONGITUD FIJA--INFORMACIÓN GENERAL
campo de control de longitud fija 890517s1988 sp ||||1| spa d
020 ## - NÚMERO INTERNACIONAL ESTÁNDAR DEL LIBRO
Número Internacional Estándar del Libro 84-7615-177-2
080 ## - NÚMERO DE LA CLASIFICACIÓN DECIMAL UNIVERSAL
Número de la Clasificación Decimal Universal 658.8
100 1# - ENTRADA PRINCIPAL--NOMBRE DE PERSONA
Nombre de persona Lambin, Jean-Jacques.
9 (RLIN) 69827
245 10 - MENCIÓN DEL TÍTULO
Título Marketing estratégico /
Mención de responsabilidad, etc. Jean-Jacques Lambin ; traducción, Alejandro Molla Descals, Salvador Miquel Peris ; revisión técnica, Iván Marten.
260 ## - PUBLICACIÓN, DISTRIBUCIÓN, ETC.
Lugar de publicación, distribución, etc. Madrid :
Nombre del editor, distribuidor, etc. McGraw-Hill,
Fecha de publicación, distribución, etc. 1988.
300 ## - DESCRIPCIÓN FÍSICA
Extensión XIII, 328 p. ;
Dimensiones 24 cm.
504 ## - NOTA DE BIBLIOGRAFÍA, ETC.
Nota de bibliografía, etc. Bibliogr.: p. 317-328.
650 17 - PUNTO DE ACCESO ADICIONAL DE MATERIA--TÉRMINO DE MATERIA
Término de materia o nombre geográfico como elemento de entrada Marketing
Fuente del encabezamiento o término embne
9 (RLIN) 14796
700 1# - ENTRADA AGREGADA--NOMBRE PERSONAL
Nombre de persona Molla Descals, Alejandro.
9 (RLIN) 82044
700 1# - ENTRADA AGREGADA--NOMBRE PERSONAL
Nombre de persona Miquel Peris, Salvador.
9 (RLIN) 81409
700 1# - ENTRADA AGREGADA--NOMBRE PERSONAL
Nombre de persona Marten, Ivan.
9 (RLIN) 77167
852 ## - LOCALIZACIÓN
Ubicación ES-MaACL
Número de control de estantería L-12700
Sublocalización o colección R.115930
Nota libre . - rust.
Holdings
Estatus retirado Estado de pérdida Estado de daño No para préstamo Biblioteca de origen Biblioteca actual Ubicación en estantería Fecha de adquisición Fuente de adquisición Total de préstamos Signatura topográfica completa Código de barras Visto por última vez Precio de reemplazo Tipo de ítem Koha
        Biblioteca del Ateneo de Madrid Biblioteca del Ateneo de Madrid Depósito 2 17/01/2008     L-12700 1005831 23/02/2023 23/02/2023 Libro impreso